logo

Bir Sreshtho Munshi Abdur Rouf Library
Jhenaidah Cadet College

The techniques of language teaching / (Record no. 5826)

MARC details
000 -LEADER
fixed length control field 00599nam a22002292i 4500
001 - CONTROL NUMBER
JCCL Control Number 5826
003 - CONTROL NUMBER IDENTIFIER
JCCL marc code BD-JhCC
005 - DATE AND TIME OF LATEST TRANSACTION
control field 20180102183619.0
008 - FIXED-LENGTH DATA ELEMENTS--GENERAL INFORMATION
fixed length control field 500101s1961 enk 000 0 eng d
035 ## - SYSTEM CONTROL NUMBER
system control number (BD-JhCC)5826
040 ## - CATALOGING SOURCE
Original cataloging agency AZS
Transcribing agency AZS
Modifying agency UKM
-- EQO
041 ## - LANGUAGE CODE
Language code of Book eng
082 ## - DEWEY DECIMAL CLASSIFICATION NUMBER
Classification number 407.1
DDC Edition number 18
Author mark and Year BIL 1961
090 ## - LOCALLY ASSIGNED LC-TYPE CALL NUMBER (OCLC); LOCAL CALL NUMBER (OCLC)
Classification number (OCLC) (R) ; Classification number, CALL (RLIN) (NR) P51
Local cutter number (OCLC) ; Book number/undivided call number, CALL (RLIN) .B5x
100 1# - MAIN ENTRY--PERSONAL NAME
Personal name Billows, F. L.
245 14 - TITLE STATEMENT
Title The techniques of language teaching /
Statement of responsibility, etc F.L. Billows
260 ## - PUBLICATION, DISTRIBUTION, ETC. (IMPRINT)
Place of publication, distribution, etc London :
Name of publisher, distributor, etc Longman,
Date of publication, distribution, etc 1961.
300 ## - PHYSICAL DESCRIPTION
Pagination 259 p. ;
Dimensions 21 cm
650 #0 - SUBJECT ADDED ENTRY--TOPICAL TERM
Topical term or geographic name as entry element Language and languages
General subdivision Study and teaching.
942 ## - ADDED ENTRY ELEMENTS (KOHA)
Source of classification or shelving scheme Dewey Decimal Classification
Koha item type Books
Holdings
Source of classification or shelving scheme Damaged status Not for loan Home library Current library Shelving location Date of accession Total Checkouts Full call number Barcode Date last seen Copy number Koha item type
Dewey Decimal Classification     JCC Rouf Library JCC Rouf Library General Stacks 12/26/2017   407.1 BIL 1961 917 12/27/2017 C-1 Books

JCC Library | Contacts | JCC Home

Last Update on 23 September 2017
Copyright @ 2017-2020 JCC Rouf Library
Rouf Library, Jhenidah Cadet College (JCC), Bangladesh